LEADER 01358nam0 22002893i 450 001 RMS1270281 005 20251003044345.0 100 $a20230420d1932 ||||0itac50 ba 101 | $afre 102 $aes 181 1$6z01$ai $bxxxe 182 1$6z01$an 183 1$6z01$anc$2RDAcarrier 200 1 $aCode civil espagnol avec modifications apportees par la nouvelle Constitution du 9 decembre 1931 et par les lois et decrets edictes posterieurement par le Gouvernement de la Republique$ftraduction francaise par Le Pelley 210 $aParis$cMarcel Giard$d1932 215 $aXL, 936 p.$d23 cm. 710 02$aSpagna$3CFIV067885$4070$077817 791 02$aEspaña$3BVEV110694$zSpagna 791 02$aReino de España$3BVEV110695$zSpagna 791 02$aSpagna$c $3BVEV110697$zSpagna 791 02$aSpagna$c $3BVEV110698$zSpagna 791 02$aRepública Española$f <1931-1939>$3BVEV110699$zSpagna 801 3$aIT$bIT-000000$c20230420 912 $aRMS1270281 950 0$aBiblioteca Centralizzata di Ateneo$e 0101 0600137402 1 v. (Precedente collocazione DASES G 5542) 996 $aCode civil espagnol avec modifications apportees par la nouvelle Constitution du 9 decembre 1931 et par les lois et decrets edictes posterieurement par le Gouvernement de la Republique$93084021 997 $aUNISANNIO